000 00809nam a22002297a 4500
003 LK-CoDNM
005 20241011144551.0
008 241011b |||||||| |||| 00| 0 eng d
040 _aLK-CoDNM
_dLK-CoDNM
_eLK-CoDNM
041 _asin
080 _aප්‍ර.උ
_b11.2
245 _aඋදාන පත්‍රිකා-1951 - 1 කාණ්ඩය
_b1 වැනි කලාපය
246 _aThe Udana Pathrika
260 _aමරදාන
_bසිමාසහිත සිලෝන් ස්ටේෂනර් සමාගම
_c1951
300 _b122p. ; 24 cm
650 _aප්‍ර.උ 11.2
650 _aඋදාන පත්‍රිකා-1951 - 1 කාණ්ඩය
650 _aThe Udana Pathrika
650 _a1 වැනි කලාපය
650 _a1951
942 _cBK
999 _c219086
_d219086